Estudios en homenaje a Mercedes Gayosso y Navarrete
محفوظ في:
| المؤلف الرئيسي: | |
|---|---|
| التنسيق: | كتاب |
| اللغة: | الإسبانية |
| منشور في: |
Ciudad de México
Universidad Veracruzana
2009
|
| الموضوعات: | |
| الوسوم: |
إضافة وسم
لا توجد وسوم, كن أول من يضع وسما على هذه التسجيلة!
|
MARC
| LEADER | 00000nam a2200000 a 4500 | ||
|---|---|---|---|
| 001 | UCG0411 | ||
| 003 | CL-VaPUC | ||
| 008 | 100325e20090000MX |||||||||||||||||spa|d | ||
| 020 | |a 9786070019531 | ||
| 082 | 0 | 4 | |a 340.54 |b CUE |2 21 |
| 100 | |a Cuevas Gayosso, José Luis |e autor |9 547804 | ||
| 245 | 1 | 0 | |a Estudios en homenaje a Mercedes Gayosso y Navarrete |
| 300 | |a 731 p | ||
| 942 | |c BK | ||
| 945 | |d 20100325 00:00:00 |a rbrito | ||
| 260 | |a Ciudad de México |b Universidad Veracruzana |c 2009 | ||
| 650 | 0 | |a Derecho romano |9 255930 | |
| 583 | |a last modification |c 20121214 12:42:10 |k Rodrigo Vera | ||
| 999 | |c 340050 |d 340048 | ||
| 952 | |0 0 |1 0 |4 0 |6 340_540000000000000_CUE_2009 |7 0 |8 DER_ROM |9 434409 |a BIBDER |b BIBDER |d 2019-11-22 |i 465420K |l 1 |o 340.54 CUE 2009 |p 465420K |r 2023-01-25 |s 2020-03-19 |w 2019-11-22 |x Ubicación 4to piso |y BK |z Este recurso debe solicitarse con anticipación |k DER | ||